000 00735nam a2200217Ii 4500
003 JO-AjNU
008 230605s9999||||xx |||||||||||||| ||und||
017 _a1984/1108
040 _aJO-AjNU
_bara
_erda
_cJO-AjNU
041 _aara
050 1 4 _aGV461.K52 1984
100 3 _aالخفاجي، طالب ناهي,
_eauthor
_914932
245 0 0 _aفيزياء الرياضة البدنية
264 3 1 _aالعراق: دائرة الشؤون الثقافية والنشر، 1984
300 _a190ص
336 _atext
_btxt
_2rdacontent
337 _aunmediated
_bn
_2rdamedia
338 _avolume
_bnc
_2rdacarrier
490 0 _aسلسلة الكتب العلمية 23
650 4 _aالتربية الرياضية - فيزياء
_914933
999 _aA4100
_c7668
_d7668